000 00838nam a2200253Ia 4500
003 OSt
005 20220923221827.0
006 a|||||r|||| 00| 0
007 ta
008 220922b |||||||| |||| 00| 0 hin d
024 _a200,285
037 _cTextual
040 _aARTS
_cARTS
_bhin
041 _2hin
_ahin
082 _aQ4:33wC433, 152M4
100 _aअरुण, पोद्दार रामावतार
245 0 _aभगवान बुद्ध की आत्मकथा
246 _aBhagavān buddha kī ātmakathā
260 _aपटना
_b पारिजात प्रका0
_c1984
300 _a94पृ.
_ccm.
650 _aधर्म
942 _hQ4:33wC433, 152M4
_cTEXL
_2CC
999 _c351957
_d351957